[Event "OP-2012-0-02045"]
[Site "LSS email"]
[Date "2012.02.03"]
[Round "?"]
[White "Gonchigsuren, Bor"]
[Black "Ustimenko, Aleksandr"]
[Result "0-1"]
[WhiteElo "1476"]
[BlackElo "1617"]
[PlyCount "26"]
[EventDate "2012.02.01"]
[EventType "tourn (corr)"]
[EventRounds "4"]
[EventCountry "GER"]
[SourceTitle "Corr 2015"]
[Source "ChessBase"]
[SourceDate "2015.07.17"]
[SourceVersion "1"]
[SourceVersionDate "2015.07.17"]
[SourceQuality "1"]

1. e4 e5 2. Nf3 Nf6 3. Nxe5 Qe7 4. d4 Nc6 5. Nc3 Nxe5 6. dxe5 Qxe5 7. f4 Qe7 8. Qd3 d6 9. Bd2 Bd7 10. 0-0-0 0-0-0 11. Re1 Bc6 12. Qd4 Kb8 13. Bc4 Qd7 0-1

[Event "CFriend WC-2009-P-00006"]
[Site "Chessfriend.com"]
[Date "2005.02.28"]
[Round "1"]
[White "Gonchigsuren, Bor"]
[Black "Woelfelschneider, Peter"]
[Result "0-1"]
[WhiteElo "1803"]
[BlackElo "2047"]
[PlyCount "54"]
[EventDate "2005.??.??"]
[EventType "tourn (corr)"]
[EventRounds "6"]
[SourceTitle "Corr 2008"]
[Source "ChessBase"]
[SourceDate "2008.06.24"]
[SourceVersion "1"]
[SourceVersionDate "2008.06.24"]
[SourceQuality "1"]

1. c4 Nf6 2. Nc3 e5 3. g3 Bb4 4. Bg2 0-0 5. e4 Nc6 6. Nge2 d6 7. 0-0 Bc5 8. h3 a6 9. d3 Rb8 10. a3 Ba7 11. Be3 Bxe3 12. fxe3 Ne8 13. d4 Qg5 14. Nd5 Na7 15. Qb3 b6 16. Rac1 c6 17. h4 Qd8 18. Nb4 Nf6 19. Qc2 Re8 20. Rce1 Qd7 21. Nc3 a5 22. Nd3 Qg4 23. Qf2 Qg6 24. Rd1 Be6 25. d5 Bg4 26. Rd2 c5 27. a4 Rf8 0-1

[Event "CFriend WC-2009-P-00006"]
[Site "Chessfriend.com"]
[Date "2005.02.28"]
[Round "1"]
[White "Martys, Mark"]
[Black "Gonchigsuren, Bor"]
[Result "1-0"]
[WhiteElo "2282"]
[BlackElo "1803"]
[PlyCount "43"]
[EventDate "2005.??.??"]
[EventType "tourn (corr)"]
[EventRounds "6"]
[SourceTitle "Corr 2008"]
[Source "ChessBase"]
[SourceDate "2008.06.24"]
[SourceVersion "1"]
[SourceVersionDate "2008.06.24"]
[SourceQuality "1"]

1. d4 Nf6 2. c4 e6 3. Nf3 Bb4+ 4. Nbd2 b6 5. a3 Bxd2+ 6. Bxd2 Bb7 7. e3 0-0 8. b4 Ne4 9. Bd3 Nxd2 10. Qxd2 Bxf3 11. gxf3 Qh4 12. Ke2 a5 13. b5 d6 14. Rag1 f5 15. f4 Nd7 16. Rg5 Rae8 17. Rhg1 Re7 18. Kd1 h6 19. R5g2 e5 20. fxe5 dxe5 21. Qb2 f4 22. Kc1 1-0

[Event "IECG RI.2003.0.00015 email"]
[Site "IECG email"]
[Date "2003.12.30"]
[Round "?"]
[White "Gonchigsuren, Bor"]
[Black "Pecotic, Kuzma"]
[Result "1-0"]
[WhiteElo "1914"]
[BlackElo "1991"]
[PlyCount "104"]
[EventDate "2003.12.30"]
[EventType "tourn (corr)"]
[EventRounds "6"]
[SourceTitle "Corr 2008"]
[Source "ChessBase"]
[SourceDate "2008.06.24"]
[SourceVersion "1"]
[SourceVersionDate "2008.06.24"]
[SourceQuality "1"]

1. Nf3 d5 2. d4 Nf6 3. c4 e6 4. Nc3 c6 5. Bg5 h6 6. Bh4 dxc4 7. e4 g5 8. Bg3 b5 9. Be2 Nbd7 10. d5 Bb7 11. dxe6 fxe6 12. Ne5 Nxe5 13. Bxe5 Qxd1+ 14. Rxd1 Bg7 15. h4 Rg8 16. hxg5 hxg5 17. Bd4 a5 18. Rh5 Nxh5 19. Bxh5+ Ke7 20. Bc5+ Kf6 21. e5+ Kxe5 22. Rd7 g4 23. Bd4+ Kf5 24. Bxg7 Kg5 25. Rxb7 Kxh5 26. Ne2 a4 27. a3 Kg5 28. Nd4 b4 29. Nxe6+ Kg6 30. Nf4+ Kg5 31. Ne2 bxa3 32. bxa3 Rab8 33. Rc7 Rgd8 34. Ng3 Rd3 35. Be5 Rg8 36. Rf7 Rxa3 37. Ne4+ Kh5 38. Rc7 Rg6 39. Re7 c5 40. Bf4 Rb6 41. Rg7 Re6 42. Rg5+ Kh6 43. Re5+ Kg6 44. Rxe6+ Kf5 45. Nxc5 Kxf4 46. Re4+ Kf5 47. Rxc4 g3 48. Rxa4 gxf2+ 49. Kxf2 Rc3 50. g4+ Kg6 51. Ra6+ Kg7 52. Rc6 Kf7 1-0

[Event "IECG TE.2003.P.01313 email"]
[Site "IECG email"]
[Date "2003.11.11"]
[Round "2"]
[White "Gonchigsuren, Bor"]
[Black "Bidgood, Lee"]
[Result "1-0"]
[WhiteElo "1900"]
[BlackElo "1411"]
[PlyCount "69"]
[EventDate "2003.11.11"]
[EventType "tourn (corr)"]
[EventRounds "12"]
[SourceTitle "Corr 2024"]
[Source "ChessBase"]
[SourceDate "2023.10.19"]
[SourceVersion "1"]
[SourceVersionDate "2023.10.19"]
[SourceQuality "1"]

1. e4 c5 2. Nf3 Nc6 3. d4 cxd4 4. Nxd4 Nf6 5. Nc3 e6 6. Nxc6 bxc6 7. e5 Nd5 8. Ne4 Qc7 9. f4 Qb6 10. c4 Bb4+ 11. Ke2 Ba6 12. Kf3 f5 13. exf6 Nxf6 14. c5 Qa5 15. Nxf6+ gxf6 16. Bxa6 Qxa6 17. Qd4 Rb8 18. Rd1 0-0 19. Be3 Rf7 20. Qd3 Qxd3 21. Rxd3 Rb5 22. Rb3 d6 23. cxd6 Bxd6 24. Rxb5 cxb5 25. Rc1 e5 26. Rc8+ Kg7 27. Ra8 exf4 28. Bg1 Kg6 29. Rxa7 Rxa7 30. Bxa7 Kf5 31. Bb6 b4 32. Bf2 h5 33. Be1 Ke5 34. Bd2 Kf5 35. h3 1-0

[Event "IECG TE.2003.P.01313 email"]
[Site "IECG email"]
[Date "2003.11.11"]
[Round "1"]
[White "Gonchigsuren, Bor"]
[Black "Nenciulescu, Silviu"]
[Result "1-0"]
[WhiteElo "1900"]
[BlackElo "2137"]
[PlyCount "57"]
[EventDate "2003.11.11"]
[EventType "tourn (corr)"]
[EventRounds "12"]
[SourceTitle "Corr 2024"]
[Source "ChessBase"]
[SourceDate "2023.10.19"]
[SourceVersion "1"]
[SourceVersionDate "2023.10.19"]
[SourceQuality "1"]

1. e4 c5 2. Nf3 Nc6 3. d4 cxd4 4. Nxd4 Nf6 5. Nc3 e6 6. Nxc6 bxc6 7. e5 Nd5 8. Ne4 Bb7 9. Be2 c5 10. 0-0 Qc7 11. Nd6+ Bxd6 12. exd6 Qc6 13. f3 Nb6 14. c4 Nc8 15. Bf4 f6 16. Bg3 e5 17. Bd3 Nxd6 18. Qc2 g6 19. Rad1 Kf7 20. Qd2 Ke7 21. Rfe1 Rab8 22. Rxe5+ fxe5 23. Qg5+ Kf8 24. Qxe5 Rg8 25. Be4 Nxe4 26. fxe4 Rg7 27. Qxb8+ Qc8 28. Qe5 Qd8 29. Be1 1-0

[Event "IECG TE.2003.P.01313 email"]
[Site "IECG email"]
[Date "2003.11.11"]
[Round "1"]
[White "Navas, Denis"]
[Black "Gonchigsuren, Bor"]
[Result "0-1"]
[WhiteElo "983"]
[BlackElo "1900"]
[PlyCount "58"]
[EventDate "2003.11.11"]
[EventType "tourn (corr)"]
[EventRounds "12"]
[SourceTitle "Corr 2024"]
[Source "ChessBase"]
[SourceDate "2023.10.19"]
[SourceVersion "1"]
[SourceVersionDate "2023.10.19"]
[SourceQuality "1"]

1. e4 c5 2. Nf3 Nc6 3. d4 cxd4 4. Nxd4 Nf6 5. Nc3 e6 6. Nxc6 bxc6 7. e5 Nd5 8. Nxd5 cxd5 9. Bd3 Ba6 10. 0-0 Bxd3 11. Qxd3 f6 12. Bf4 Bc5 13. exf6 Qxf6 14. Be3 Bxe3 15. fxe3 Qxb2 16. Rfb1 Qe5 17. Rf1 Rc8 18. Qa3 Rxc2 19. Rab1 Rc3 20. Qb2 Kd8 21. Kh1 Qc7 22. Rf7 Rg8 23. Rbf1 a5 24. Qb1 Rc2 25. Kg1 h6 26. Rxd7+ Kxd7 27. Rf7+ Kd6 28. Rxc7 Rxc7 29. Qb6+ Kd7 0-1

[Event "IECG TE.2003.P.01313 email"]
[Site "IECG email"]
[Date "2003.11.11"]
[Round "2"]
[White "Nenciulescu, Silviu"]
[Black "Gonchigsuren, Bor"]
[Result "1-0"]
[WhiteElo "2137"]
[BlackElo "1900"]
[PlyCount "74"]
[EventDate "2003.11.11"]
[EventType "tourn (corr)"]
[EventRounds "12"]
[SourceTitle "Corr 2024"]
[Source "ChessBase"]
[SourceDate "2023.10.19"]
[SourceVersion "1"]
[SourceVersionDate "2023.10.19"]
[SourceQuality "1"]

1. e4 c5 2. Nf3 Nc6 3. d4 cxd4 4. Nxd4 Nf6 5. Nc3 e6 6. Nxc6 bxc6 7. e5 Nd5 8. Ne4 Qc7 9. f4 Qb6 10. c4 Ne3 11. Qd3 Bb4+ 12. Bd2 Ba6 13. b3 0-0 14. Nc3 Nd5 15. 0-0-0 Qa5 16. Na4 Bxd2+ 17. Qxd2 Qxd2+ 18. Rxd2 Nxf4 19. Rxd7 Ng6 20. Nc5 Bc8 21. Rc7 Nxe5 22. Be2 a5 23. Rd1 f6 24. Nd3 Nxd3+ 25. Bxd3 f5 26. c5 Rd8 27. Bc4 Rxd1+ 28. Kxd1 Kf8 29. a3 f4 30. g3 f3 31. Rxc6 e5 32. Kd2 e4 33. Ke3 Bf5 34. Rc7 Bg6 35. c6 h6 36. Rb7 Rc8 37. c7 Ke7 1-0

[Event "IECG TE.2003.P.01208 email"]
[Site "IECG email"]
[Date "2003.08.18"]
[Round "?"]
[White "Gonchigsuren, Bor"]
[Black "Hutchison, John"]
[Result "1-0"]
[WhiteElo "1716"]
[BlackElo "950"]
[PlyCount "32"]
[EventDate "2003.08.18"]
[EventType "tourn (corr)"]
[EventRounds "8"]
[SourceTitle "Corr 2008"]
[Source "ChessBase"]
[SourceDate "2008.06.24"]
[SourceVersion "1"]
[SourceVersionDate "2008.06.24"]
[SourceQuality "1"]

1. e4 d5 2. exd5 Qxd5 3. Nc3 Qd6 4. d4 Nf6 5. Nf3 a6 6. g3 Bg4 7. Bg2 Nc6 8. h3 Bxf3 9. Qxf3 0-0-0 10. Be3 e6 11. 0-0-0 Nb4 12. Qxb7+ Kd7 13. d5 e5 14. a3 Nbxd5 15. Bxd5 Nxd5 16. Nxd5 Qc6 1-0

[Event "IECG TE.2003.P.01208 email"]
[Site "IECG email"]
[Date "2003.08.18"]
[Round "?"]
[White "Hutchison, John"]
[Black "Gonchigsuren, Bor"]
[Result "0-1"]
[WhiteElo "950"]
[BlackElo "1716"]
[PlyCount "44"]
[EventDate "2003.08.18"]
[EventType "tourn (corr)"]
[EventRounds "8"]
[SourceTitle "Corr 2008"]
[Source "ChessBase"]
[SourceDate "2008.06.24"]
[SourceVersion "1"]
[SourceVersionDate "2008.06.24"]
[SourceQuality "1"]

1. e4 d5 2. exd5 Qxd5 3. Nc3 Qd6 4. g3 Nc6 5. Bg2 e5 6. d3 Nf6 7. Nge2 Be7 8. 0-0 0-0 9. Ne4 Nxe4 10. dxe4 Bg4 11. f3 Qc5+ 12. Kh1 Rad8 13. fxg4 Rxd1 14. Rxd1 Rd8 15. Rxd8+ Nxd8 16. Nc3 Qf2 17. Be3 Qxe3 18. Nd5 Qc5 19. c3 Bd6 20. Rd1 Qf2 21. Nb4 Qxb2 22. Nd3 Qe2 0-1

[Event "IECG TE.2003.P.01208 email"]
[Site "IECG email"]
[Date "2003.08.18"]
[Round "?"]
[White "Nava Baro, Enrique"]
[Black "Gonchigsuren, Bor"]
[Result "1-0"]
[WhiteElo "2137"]
[BlackElo "1716"]
[PlyCount "76"]
[EventDate "2003.08.18"]
[EventType "tourn (corr)"]
[EventRounds "8"]
[SourceTitle "Corr 2008"]
[Source "ChessBase"]
[SourceDate "2008.06.24"]
[SourceVersion "1"]
[SourceVersionDate "2008.06.24"]
[SourceQuality "1"]

1. e4 d5 2. exd5 Qxd5 3. Nc3 Qd6 4. g3 Nc6 5. Bg2 e5 6. Nge2 Bg4 7. h3 Be6 8. 0-0 0-0-0 9. d3 Nf6 10. a3 Be7 11. b4 Qd7 12. Kh2 h5 13. Be3 g5 14. Ne4 Nxe4 15. dxe4 Qe8 16. Qc1 g4 17. h4 Bc4 18. Re1 Kb8 19. Kg1 a5 20. Qb2 axb4 21. axb4 Bxb4 22. Nc3 Qe6 23. Reb1 b6 24. Nd5 Rxd5 25. exd5 Bxd5 26. Bxd5 Qxd5 27. Ra4 Ba5 28. c4 Qe4 29. Qb5 Rd8 30. c5 Qd3 31. Qb2 Bd2 32. Ra3 Qe4 33. cxb6 Bb4 34. Ra6 Kb7 35. bxc7 Kxc7 36. Qa2 Rd3 37. Rc1 Bc3 38. Qxf7+ Rd7 1-0

[Event "IECG RI.2003.0.00009 email"]
[Site "IECG email"]
[Date "2003.07.08"]
[Round "?"]
[White "Gonchigsuren, Bor"]
[Black "Lehnert, Ronald"]
[Result "1/2-1/2"]
[WhiteElo "1619"]
[BlackElo "1683"]
[PlyCount "87"]
[EventDate "2003.07.08"]
[EventType "tourn (corr)"]
[EventRounds "6"]
[SourceTitle "Corr 2008"]
[Source "ChessBase"]
[SourceDate "2008.06.24"]
[SourceVersion "1"]
[SourceVersionDate "2008.06.24"]
[SourceQuality "1"]

1. Nf3 d5 2. c4 d4 3. e3 Nc6 4. Nxd4 Nxd4 5. exd4 Qxd4 6. Nc3 e5 7. d3 Nf6 8. Be3 Qd7 9. Be2 Ng4 10. Bd2 Bc5 11. Ne4 Bd4 12. 0-0 0-0 13. Rb1 a5 14. Bc3 Nh6 15. Qd2 Nf5 16. Bxa5 Rd8 17. a3 Qc6 18. Bb4 Qg6 19. Qg5 Qxg5 20. Nxg5 Ba7 21. Bh5 g6 22. Bf3 h6 23. Ne4 Nd4 24. Bd1 Nc6 25. Bc3 Kg7 26. Ng3 f6 27. Bf3 Nd4 28. Bd1 h5 29. Re1 h4 30. Ne2 Bf5 31. Nxd4 Bxd4 32. Bxd4 Rxd4 33. Bc2 g5 34. Re3 Kf7 35. Rd1 Rad8 36. f3 Ke7 37. a4 b6 38. b4 Ra8 39. Ra1 Kd6 40. a5 Ra6 41. Ra4 Ra7 42. Kf2 bxa5 43. bxa5 Kc5 44. g3 1/2-1/2

[Event "IECG RI.2003.0.00009 email"]
[Site "IECG email"]
[Date "2003.07.08"]
[Round "?"]
[White "Sherwood, Russell"]
[Black "Gonchigsuren, Bor"]
[Result "0-1"]
[WhiteElo "1694"]
[BlackElo "1619"]
[PlyCount "98"]
[EventDate "2003.07.08"]
[EventType "tourn (corr)"]
[EventRounds "6"]
[SourceTitle "Corr 2008"]
[Source "ChessBase"]
[SourceDate "2008.06.24"]
[SourceVersion "1"]
[SourceVersionDate "2008.06.24"]
[SourceQuality "1"]

1. c4 e6 2. g3 d5 3. Bg2 c6 4. cxd5 exd5 5. Nf3 Nf6 6. 0-0 Bd6 7. d3 0-0 8. Nbd2 Re8 9. a3 Qb6 10. b3 Bg4 11. Bb2 Nbd7 12. h3 Bh5 13. Re1 Ne5 14. Nxe5 Bxe5 15. Bxe5 Rxe5 16. g4 Bg6 17. e3 Re7 18. g5 Nd7 19. d4 Rae8 20. Qf3 Bd3 21. Rec1 Qa6 22. b4 Qb5 23. Rc3 Nb6 24. Rc5 Qa4 25. Qg4 Nc4 26. Nxc4 Bxc4 27. Ra5 Qc2 28. Rxa7 Be2 29. Bf3 Qc3 30. Rb1 Ba6 31. Qf4 Qc2 32. Rd1 f6 33. gxf6 Rf7 34. b5 Bxb5 35. a4 Ba6 36. Rxa6 bxa6 37. Bh5 Rxf6 38. Qh2 Ref8 39. Rf1 Qf5 40. Bg4 Qg6 41. Qg3 a5 42. h4 h5 43. Be2 Qxg3+ 44. fxg3 Rxf1+ 45. Bxf1 Rf3 46. Be2 Rxe3 47. Kf2 Ra3 48. Bxh5 Rxa4 49. Ke3 Rb4 0-1

[Event "IECG RI.2003.0.00006 email"]
[Site "IECG email"]
[Date "2003.05.22"]
[Round "?"]
[White "Gonchigsuren, Bor"]
[Black "Blittkowsky, Ralf"]
[Result "1/2-1/2"]
[WhiteElo "1619"]
[BlackElo "1951"]
[PlyCount "87"]
[EventDate "2003.05.17"]
[EventType "tourn (corr)"]
[EventRounds "6"]
[SourceTitle "Corr 2008"]
[Source "ChessBase"]
[SourceDate "2008.06.24"]
[SourceVersion "1"]
[SourceVersionDate "2008.06.24"]
[SourceQuality "1"]

1. d4 f5 2. g3 Nf6 3. Bg2 d5 4. Nf3 e6 5. 0-0 Bd6 6. b3 Qe7 7. c4 c6 8. Ne5 Nbd7 9. Bb2 0-0 10. Nd2 Rb8 11. Qc2 Ne4 12. Ndf3 Ng5 13. Nxg5 Qxg5 14. Nd3 f4 15. gxf4 Bxf4 16. Ba3 Rf7 17. Nxf4 Qxf4 18. e3 Qh4 19. Bd6 Ra8 20. a4 Nf6 21. f3 Qg5 22. Rfe1 a5 23. Rad1 Bd7 24. Kh1 Re8 25. c5 Qh4 26. Qd2 Ra8 27. Bg3 Qh5 28. Qc2 Be8 29. e4 Rd7 30. Qc3 Bg6 31. Rd2 Qh6 32. Bd6 Ne8 33. Be5 Rf7 34. Rde2 Nf6 35. Bd6 Qh5 36. Qe3 Nd7 37. exd5 exd5 38. Qf2 Qg5 39. Re7 Rxe7 40. Rxe7 Bf5 41. Qe1 Qg6 42. Bf4 h6 43. Qe3 Rf8 44. Bc7 1/2-1/2

[Event "IECG TE.2002.P.01120 email"]
[Site "IECG email"]
[Date "2002.12.30"]
[Round "?"]
[White "Gonchigsuren, Bor"]
[Black "Wurm, Tamas"]
[Result "1-0"]
[WhiteElo "1000"]
[BlackElo "1363"]
[PlyCount "63"]
[EventDate "2002.12.30"]
[EventType "tourn (corr)"]
[EventRounds "8"]
[SourceTitle "Corr 2008"]
[Source "ChessBase"]
[SourceDate "2008.06.24"]
[SourceVersion "1"]
[SourceVersionDate "2008.06.24"]
[SourceQuality "1"]

1. d4 Nf6 2. c4 c5 3. d5 e6 4. Nc3 exd5 5. cxd5 d6 6. e4 g6 7. Nf3 Bg7 8. Bd3 0-0 9. 0-0 Na6 10. Bf4 Nc7 11. Re1 Re8 12. a4 a6 13. Qb3 Rb8 14. Qb6 Bf8 15. Bg5 Kg7 16. e5 dxe5 17. Bxf6+ Qxf6 18. Qxc7 Bd6 19. Qb6 e4 20. a5 exf3 21. Rxe8 Bxh2+ 22. Kxh2 Qh4+ 23. Kg1 fxg2 24. f4 Qh1+ 25. Kf2 Qxa1 26. Bb1 Bf5 27. Rxb8 Bxb1 28. Kxg2 Bd3 29. Qxc5 Qf1+ 30. Kg3 h5 31. Qf8+ Kf6 32. Qh8+ 1-0

[Event "IECG CF.2002.0.00028 email"]
[Site "IECG email"]
[Date "2002.06.19"]
[Round "?"]
[White "Gonchigsuren, Bor"]
[Black "Schoenbach, Patrick"]
[Result "0-1"]
[WhiteElo "1000"]
[BlackElo "1000"]
[PlyCount "162"]
[EventDate "2002.06.19"]
[EventType "tourn (corr)"]
[EventRounds "6"]
[SourceTitle "Corr 2008"]
[Source "ChessBase"]
[SourceDate "2008.06.24"]
[SourceVersion "1"]
[SourceVersionDate "2008.06.24"]
[SourceQuality "1"]

1. e4 c5 2. Nc3 Nc6 3. g3 g6 4. Bg2 Bg7 5. d3 d6 6. Nf3 Nf6 7. 0-0 0-0 8. Re1 e5 9. Bg5 h6 10. Bxf6 Qxf6 11. Nd2 Ne7 12. Nc4 Bd7 13. Qf3 Qe6 14. a4 Rfd8 15. Qf6 Qxf6 16. Ne3 Rab8 17. Nb5 a6 18. Nc3 Qg5 19. a5 Qh5 20. Bf1 Qg5 21. Bg2 Qh5 22. Bf1 Be6 23. h4 g5 24. Be2 g4 25. Ra4 Nc6 26. Ncd5 Nd4 27. Bd1 Kh7 28. c3 Nf3+ 29. Bxf3 gxf3 30. Kh2 Rd7 31. Nb6 Rdd8 32. Nbd5 Bd7 33. Ra3 Bc8 34. Nb6 Be6 35. Nbd5 Bd7 36. Nb6 Be6 37. Nbd5 f6 38. Nc7 Bd7 39. Ncd5 Be6 40. Nc7 Bc8 41. Ncd5 Be6 42. Nc7 Rd7 43. Nxe6 Bh8 44. d4 cxd4 45. cxd4 Kg6 46. Rc3 Kf7 47. d5 Re8 48. Nf5 Rxe6 49. dxe6+ Kxe6 50. Rc8 Bg7 51. Rg8 Qg4 52. Nxh6 Qg6 53. Nf5 Qh7 54. Re8+ Kf7 55. Rc8 d5 56. Rd1 d4 57. Rdc1 Qg6 58. R1c7 Ke6 59. Kh3 Bh6 60. g4 d3 61. Rxd7 Kxd7 62. Rc3 d2 63. Rd3+ Kc7 64. Kg3 Bf4+ 65. Kxf3 Qe8 66. Ne3 f5 67. Rxd2 fxg4+ 68. Kxg4 Qg6+ 69. Kf3 Qh5+ 70. Kg2 Bxe3 71. fxe3 Qg4+ 72. Kf2 Qxe4 73. h5 Qh4+ 74. Kf1 Qxh5 75. Rc2+ Kd6 76. Ke1 Qh1+ 77. Kd2 Qd5+ 78. Kc1 Qxa5 79. Rc3 Kd5 80. Kd2 Ke4 81. Kc2 Qxc3+ 0-1

[Event "IECG CF.2002.0.00028 email"]
[Site "IECG email"]
[Date "2002.06.19"]
[Round "?"]
[White "Lepercq, Pierre"]
[Black "Gonchigsuren, Bor"]
[Result "0-1"]
[WhiteElo "939"]
[BlackElo "1000"]
[PlyCount "84"]
[EventDate "2002.06.19"]
[EventType "tourn (corr)"]
[EventRounds "6"]
[SourceTitle "Corr 2008"]
[Source "ChessBase"]
[SourceDate "2008.06.24"]
[SourceVersion "1"]
[SourceVersionDate "2008.06.24"]
[SourceQuality "1"]

1. Nf3 d5 2. c4 dxc4 3. e3 Be6 4. Na3 Nf6 5. Nxc4 c5 6. b3 Nc6 7. Qc2 g6 8. Bb2 Bf5 9. Qc3 Bg7 10. Be2 Nb4 11. 0-0 Nd3 12. Bxd3 Bxd3 13. Rfc1 Rc8 14. Nce5 Bf5 15. d3 0-0 16. e4 Be6 17. Qd2 Qb6 18. Nc4 Qc7 19. Na3 Rfd8 20. Qe2 Bg4 21. e5 Nd5 22. d4 b6 23. h3 Bf5 24. Qd2 Nb4 25. Nc4 Nd3 26. Rc3 Nxb2 27. Nxb2 Bxe5 28. Nxe5 Qxe5 29. dxe5 Rxd2 30. Nc4 Rd5 31. a4 h6 32. g4 Be6 33. Re1 Rcd8 34. Kg2 Rd3 35. Re3 Rd1 36. Kg3 g5 37. Nb2 Rg1+ 38. Kh2 Rb1 39. Nc4 Rdd1 40. Kg2 Bd5+ 41. f3 Bxc4 42. bxc4 Rd2+ 0-1